000 00656nam0a22002411 4500
001 rc\127163
005 20250620192332.0
010 _a5-7578-0014-3
_922000
035 _a(NLR Aleph) 005382727
090 _a7117816
_c7117816
100 _a20021216d1996 |||y0rusy50 ca
101 0 _arus
102 _aRU
105 _aa |||||||||
200 1 _aВы и ваша рука
_e[Пер. с англ.]
_fКейро [!]
210 _aМ.
_cИзд. дом "МСП"
_d1996
215 _a317, [1] с.
_cил.
_d21
700 0 _aКаиро
_f1866-1936
801 0 _aRU
_bNLR
_gpsbo
801 1 _aRU
_bELAR
_2rusmarc
852 _aNLR
_j96-3/6714
942 _cBOOK
980 _aNB